000 00943nam a22002417a 4500
005 20170124103217.0
010 _aA-837330
020 _c00.00
035 _aA-837330
037 _bCen Lib/Ret
040 _aDPL
_bHN
082 _a649
_bवोहरा
100 _aवोहरा, आशारानी
_999682
110 _bप्रतियोगिता दर्पण
_999683
245 _aबेबी हेल्थ गाइड /
_c आशारानी वोहरा
246 _aBeby health guide
_bby Asharani Vohra
300 _a260पृष्ठ. :
_c23सेमी(सजिल्द)
_bचित्र.
650 _aबच्चे की देखभाल
_92124
650 _aप्रमुख रोग और उनकी देखभाल
_999684
650 _aChild Care
_910040
650 _aMajor diseases and their care
_999685
942 _2ddc
_cHN
_h649
_mवोहरा
999 _c121607
_d121607